000
00195 a2200097 4500
001
31374
100
_a
Deitel H M
245
_a
JAVA
260
_a
N.J
_b
Prentice Ha
_c
1999
090
_c
21264
_d
21264
942
_a
NUST-CAE
_c
M
_c
12519
999
_c
266447
_d
266447